00750nam a2200193Ia 4500003000900000008004100009020001800050040001600068080001600084100002300100245010900123260003800232300001400270650005100284650006300335942000700398999001700405952013400422IN-BaIIA211028s9999 xx 000 0 eng d a0-471-10774-3 cIIA Library a621.01bCOO aCook, R. D.927615 0aFinite element modeling for stress analysiscR. D. Cook  aNew YorkbJohn Wiley & Sonsc1995 axi; 320p. aFinite Element Method - Data Processing928471 aStructural Analysis (Engineering) - Data Processing928472 cBK c15417d15417 00104070aBANbHOScGENd2003-09-11eINT g1257.20l0o621.01/ COOp16339r2021-11-05v1257.20w2003-09-11yBKGRs. 1257.20